logo

Bir Sreshtho Munshi Abdur Rouf Library
Jhenaidah Cadet College

Theory and Problems of Linear Algebra / (Record no. 9839)

MARC details
000 -LEADER
fixed length control field 00604nam a2200229 a 4500
001 - CONTROL NUMBER
JCCL Control Number 9839
003 - CONTROL NUMBER IDENTIFIER
JCCL marc code BD-JhCC
005 - DATE AND TIME OF LATEST TRANSACTION
control field 20180402093244.0
008 - FIXED-LENGTH DATA ELEMENTS--GENERAL INFORMATION
fixed length control field 180402s2005 e |||| || | 001 0 eng d
035 ## - SYSTEM CONTROL NUMBER
system control number (BD-JhCC)9839
040 ## - CATALOGING SOURCE
Original cataloging agency BD-JhCC
Modifying agency BD-JhCC
041 ## - LANGUAGE CODE
Language code of Book eng
082 ## - DEWEY DECIMAL CLASSIFICATION NUMBER
Classification number 512.5
Author mark and Year LIP 2005
100 ## - MAIN ENTRY--PERSONAL NAME
Personal name Lipschutz, Scymour
245 ## - TITLE STATEMENT
Title Theory and Problems of Linear Algebra /
Statement of responsibility, etc Scymour Lipschutz and Marc Lars Lipson
260 ## - PUBLICATION, DISTRIBUTION, ETC. (IMPRINT)
Place of publication, distribution, etc London :
Name of publisher, distributor, etc McGraw-Hill,
Date of publication, distribution, etc 2005
300 ## - PHYSICAL DESCRIPTION
Pagination 424 p. :
Dimensions 24 cm.
650 ## - SUBJECT ADDED ENTRY--TOPICAL TERM
Topical term or geographic name as entry element Algebra
700 ## - ADDED ENTRY--PERSONAL NAME
Personal name Lipson, Marc Lars
942 ## - ADDED ENTRY ELEMENTS (KOHA)
Source of classification or shelving scheme Dewey Decimal Classification
Koha item type Books
Holdings
Source of classification or shelving scheme Damaged status Not for loan Home library Current library Shelving location Date of accession Total Checkouts Full call number Barcode Date last seen Copy number Koha item type
Dewey Decimal Classification     JCC Rouf Library JCC Rouf Library General Stacks 04/02/2018   512.5 LIP 2005 11199 04/02/2018 C-1 Books

JCC Library | Contacts | JCC Home

Last Update on 23 September 2017
Copyright @ 2017-2020 JCC Rouf Library
Rouf Library, Jhenidah Cadet College (JCC), Bangladesh